000 01093nam a2200277Ia 4500
003 IEPS
005 20251215152027.0
008 250219s9999||||xx |||||||||||||| ||und||
040 _cIEPS
041 _aara
082 _b796
100 _aسعدي سعدي، محمد
245 0 _aعلاقة مناخ الدافعية بمستوى الطموح و التفوق الرياضي لدى تلاميذ المدارس الرياضية الجزائرية
260 _aالجزائر
_c2018
300 _a189 و.
_c30سم.
502 _aدكتوراه
502 _cمعهد التربية البدنية و الرياضية، جامعة الجزائر 3
653 _aالإرشاد النفسي الرياضي
653 _aالإرشاد النفسي الرياضي
653 _aالتفوق الرياضي
653 _aالدافعية
700 _aثابت، محمد
710 _aمعهد التربية البدنية و الرياضية، جامعة الجزائر 3
856 _u https://dspace.univ-alger3.dz/jspui/handle/123456789/3376
942 _cأطروحات
999 _c14265
_d14265